| 000 | 00448nam a22001697a 4500 | ||
|---|---|---|---|
| 005 | 20231219002855.0 | ||
| 008 | 231219b |||||||| |||| 00| 0 eng d | ||
| 020 | _a955907802x | ||
| 082 |
_222 _a305.4., |
||
| 245 |
_aWomen's rights watch. _cThe woen and media collective. |
||
| 250 | _a1st. | ||
| 260 |
_aSri Lanka., _bThe women and media collective, _c1999. |
||
| 300 | _a62 p.: | ||
| 650 | _awomen | ||
| 700 |
_aSamuel Kumudini. _eedt |
||
| 942 | _cL | ||
| 999 |
_c178 _d178 |
||